Southville International School and Colleges
Your cart is empty.
  • Cart
  • Lists
    Public lists Eva Luna New books Lux_list list_1
    Your lists Log in to create your own lists
  • Log in to your account
  • Your cookies
  • Search history
Southville International School and Colleges
  • Advanced search
  • Recent comments
  • Most popular
  • Libraries

Log in to your account

Log in with GOOGLE


If you do not have an external account, but do have a local account, you can still log in:

  1. Home
  2. MARC view: Managerial accounting :
Normal view MARC view ISBD view

Managerial accounting : (Record no. 25656)

[ view plain ]
MARC details
000 -LEADER
fixed length control field 00728nam a22002297a 4500
005 - DATE AND TIME OF LATEST TRANSACTION
control field 20140310183633.0
008 - FIXED-LENGTH DATA ELEMENTS--GENERAL INFORMATION
fixed length control field 131123b xxu||||| |||| 00| 0 eng d
020 ## - INTERNATIONAL STANDARD BOOK NUMBER
International Standard Book Number 9780071088015
050 ## - LIBRARY OF CONGRESS CALL NUMBER
Classification number HD 28
Item number .G242 2012
100 ## - MAIN ENTRY--PERSONAL NAME
Personal name Garrison, Ray H.
245 ## - TITLE STATEMENT
Title Managerial accounting :
Remainder of title an asian perspective /
Statement of responsibility, etc Ray H. Garrison, Erik W. Noreen, Peter C. Brewer.
260 ## - PUBLICATION, DISTRIBUTION, ETC. (IMPRINT)
Place of publication, distribution, etc Singapore :
Name of publisher, distributor, etc McGraw-Hill,
Date of publication, distribution, etc 2012.
300 ## - PHYSICAL DESCRIPTION
Extent xxxiii, 854 p. :
Other physical details col. ill. ;
Dimensions 22 cm.
500 ## - GENERAL NOTE
General note Includes Index.
521 ## - TARGET AUDIENCE NOTE
Target audience note
650 ## - SUBJECT ADDED ENTRY--TOPICAL TERM
Topical term or geographic name as entry element Managerial accounting
Geographic subdivision Asia.
650 ## - SUBJECT ADDED ENTRY--TOPICAL TERM
Topical term or geographic name as entry element Managerial accounting
Geographic subdivision United States.
700 ## - ADDED ENTRY--PERSONAL NAME
Personal name Noreen, Erik W.
700 ## - ADDED ENTRY--PERSONAL NAME
Personal name Brewer, Peter C.
942 ## - ADDED ENTRY ELEMENTS (KOHA)
Source of classification or shelving scheme Library of Congress Classification
Koha item type Books
Call number prefix Foreign
Holdings
Withdrawn status Lost status Source of classification or shelving scheme Damaged status Home library Current library Shelving location Date acquired Total Checkouts Total Renewals Full call number Barcode Date last seen Date checked out Copy number Price effective from Koha item type
    Library of Congress Classification   College Library College Library Reserve Section 11/23/2013 2 19 HD 28 .G242 2012 C17172 11/28/2018 07/25/2018 1 11/23/2013 Books

Managerial accounting :

APA

Garrison R. H., Noreen E. W. & Brewer P. C. (2012). Managerial accounting. Singapore: McGraw-Hill.

Chicago

Garrison Ray H, Noreen Erik W and Brewer Peter C. 2012. Managerial accounting. Singapore: McGraw-Hill.

Harvard

Garrison R. H., Noreen E. W. and Brewer P. C. (2012). Managerial accounting. Singapore: McGraw-Hill.

MLA

Garrison Ray H, Noreen Erik W and Brewer Peter C. Managerial accounting. Singapore: McGraw-Hill. 2012.

  • Place hold
  • Print
  • Cite
  • Add to your cart (remove)
  • Save record
    BIBTEX Dublin Core MARCXML MARC (non-Unicode/MARC-8) MARC (Unicode/UTF-8) MARC (Unicode/UTF-8, Standard) MODS (XML) RIS
  • More searches
    Search for this title in:
    Other Libraries (WorldCat) Other Databases (Google Scholar) Online Stores (Bookfinder.com) Open Library (openlibrary.org)

Exporting to Dublin Core...

SOUTHVILLE LIBRARY

Southville International School and Colleges Library

1281 Tropical Ave. Cor. Luxembourg St., BF Homes International, Las Pinas City

Tel. No. 8256374 / 252358 Loc. 117/146

Powered by Koha